000 00603nam a22002051 4500
999 _c4014
_d4014
003 ALUPE UNIVERSITY COLLEGE
005 20220317063143.0
008 921109s1986 enk 000 0 eng d
020 _a0433282800
040 _cALUPE UNIVERSITY COLLEGE
050 _aRD755
_b.R6 1986
092 _aD0501073456
100 1 _aRose, G. K.
245 1 0 _aOrthotics :
_bprinciples and practice /
_cG.K. Rose
260 _aLondon :
_bHeinemann Medical,
_c1986
300 _a237 p ;
_c26 cm
650 0 _aOrthopedic apparatus
942 _2lcc
_cBK
_nPW